| 000 | 00699cam a22001697a 4500 | ||
|---|---|---|---|
| 008 | 180718b2001 xxu||||| |||| 00| 0 eng d | ||
| 082 | _aA41x54 CP/E | ||
| 100 | _aIndia. Effectuation of fundamental duties of citizens | ||
| 245 |
_aA consultation paper on effectuation of fundamental duties of citizens _cby National Commission to Review the Working of the Constitution |
||
| 260 |
_aNew Delhi _bNational Commission to Review the Working of the Constitution _c2001 |
||
| 300 | _a57p | ||
| 500 | _aChairman: K.B. Lall | ||
| 650 | _aCitizenship | ||
| 650 | _aConstitutions - India | ||
| 700 | _aLall, K.B.(Chairman) | ||
| 700 | _aIndia. National Commission to Review the Working of the Constitution | ||
| 999 |
_c485069 _d485069 |
||